Online
Catalog
Normal view MARC view

Entry Nombre personal

Number of records used in: 53

001 - NÚMERO DE CONTROL

  • campo de control: 1414

003 - IDENTIFICADOR DEL NÚMERO DE CONTROL

  • campo de control: BNPHU

005 - FECHA Y HORA DE LA ÚLTIMA TRANSACCIÓN

  • campo de control: 20250218104637.0

008 - DATOS DE LONGITUD FIJA

  • campo de control de longitud fija: 200615|| aca||aabn | a|a d

010 ## - NÚMERO DE CONTROL DE LA BIBLIOTECA DEL CONGRESO

  • Número de control de LC: n 95088486

040 ## - FUENTE DE LA CATALOGACIÓN

  • Centro catalogador/agencia de origen: DO-SdBNP
  • Centro/agencia transcriptor: spa
  • Lengua de catalogación: BNPHU
  • Normas de descripción: rda

046 ## - FECHAS CON CODIFICACIÓN ESPECIAL

  • Fecha de nacimiento: 1961-

100 1# - ENCABEZAMIENTO-NOMBRE DE PERSONA

  • Nombre de persona: Pérez, Isael,
  • Fechas asociadas al nombre: 1961-

370 ## - LUGAR ASOCIADO

  • Lugar de nacimiento: La Piñita de San Rafael del Yuma, La Altagracia (República Dominicana : Provincia)

373 ## - GRUPO ASOCIADO

  • Grupo asociado: Centro de Estudios Avanzados de Puerto Rico y el Caribe
  • Grupo asociado: Universidad Mundial Dominicana

374 ## - OCUPACIÓN

  • Ocupación: Poeta
  • Ocupación: Educador
  • Ocupación: Editor

375 ## - GÉNERO/SEXO

  • Género/Sexo: Masculino

377 ## - LENGUA/LENGUAJE ASOCIADO

  • Código del idioma: Español

400 1# - TRAZADO DE VÉASE--NOMBRE DE PERSONA

  • Nombre de persona: Pérez, I.
  • Fechas asociadas al nombre: 1961-

670 ## - FUENTE DE DATOS ENCONTRADOS

  • Cita de la fuente: Work cat.: (OSt)421: Veloz Maggiolo, Marcio, 1936- 1104, Nosotros los suicidas /, 2008.

670 ## - FUENTE DE DATOS ENCONTRADOS

  • Cita de la fuente: Contemporáneos del tiempo, 1995

670 ## - FUENTE DE DATOS ENCONTRADOS

  • Cita de la fuente: Un instante de certidumbre, 2014

Powered by Koha